[Event "Florianopolis op 10th"]
[Site "Florianopolis"]
[Date "2024.01.23"]
[Round "5"]
[White "Silva, Guilherme Henrique"]
[Black "Nakata, Thifanni Harumi"]
[Result "1-0"]
[WhiteElo "2068"]
[BlackElo "1785"]
[PlyCount "56"]
[EventDate "2024.01.20"]
[EventType "swiss"]
[EventRounds "10"]
[EventCountry "BRA"]
[SourceTitle "CB05_2024"]
[SourceDate "2024.01.31"]
[SourceVersion "1"]
[SourceVersionDate "2024.01.31"]
[SourceQuality "1"]

1. e4 e5 2. Bc4 Nf6 3. d3 Bc5 4. Nc3 c6 5. Nf3 d6 6. h3 Nbd7 7. 0-0 0-0 8. a3 Bb6 9. Ba2 Re8 10. Ne2 Nf8 11. Ng3 Be6 12. Bxe6 fxe6 13. c3 Ng6 14. d4 exd4 15. cxd4 d5 16. Re1 Qc7 17. e5 Nd7 18. b4 a6 19. h4 Ba7 20. Qd3 b5 21. h5 Ngf8 22. h6 g6 23. Bg5 Nb6 24. Bf6 Nc4 25. Re2 Bb6 26. Bg7 a5 27. Raa2 a4 28. Nf1 Qf7 1-0

[Event "BRA-ch (Women) 62nd"]
[Site "Timbo"]
[Date "2023.11.03"]
[Round "8"]
[White "Nakata, Thifanni Harumi"]
[Black "De Freitas, Isabella Ribeiro Co"]
[Result "0-1"]
[WhiteElo "1765"]
[BlackElo "1867"]
[PlyCount "70"]
[EventDate "2023.10.29"]
[EventType "swiss"]
[EventRounds "9"]
[EventCountry "BRA"]
[SourceTitle "Mega2024 Update 01"]
[Source "Chessbase"]
[SourceDate "2023.11.12"]
[SourceVersion "1"]
[SourceVersionDate "2023.11.12"]
[SourceQuality "1"]

1. d4 d5 2. c4 dxc4 3. Nf3 Nf6 4. e3 b5 5. a4 b4 6. Bxc4 e6 7. 0-0 Be7 8. b3 Bb7 9. Nbd2 0-0 10. Bb2 c5 11. Qe2 Nbd7 12. Rad1 cxd4 13. exd4 Nb6 14. Bd3 Nbd5 15. g3 Rc8 16. Nc4 Rc7 17. Nfe5 Nc3 18. Bxc3 bxc3 19. Bc2 Nd5 20. Qd3 g6 21. Rfe1 Bf6 22. f3 Bg7 23. Kg2 Qg5 24. Kh1 Nb4 25. Qxc3 Nxc2 26. Qxc2 Bxe5 27. Rxe5 Bxf3+ 28. Kg1 Bxd1 29. Qxd1 Qf6 30. Qd3 Rd8 31. Re4 Qf5 32. Qe3 Rb8 33. Kg2 Rxc4 34. bxc4 Rb2+ 35. Kg1 Rb1+ 0-1

[Event "BRA-ch (Women) 62nd"]
[Site "Timbo"]
[Date "2023.11.02"]
[Round "6"]
[White "Nakata, Thifanni Harumi"]
[Black "Nunes, Agatha Hurba"]
[Result "1/2-1/2"]
[WhiteElo "1765"]
[BlackElo "1837"]
[PlyCount "150"]
[EventDate "2023.10.29"]
[EventType "swiss"]
[EventRounds "9"]
[EventCountry "BRA"]
[SourceTitle "Mega2024 Update 01"]
[Source "Chessbase"]
[SourceDate "2023.11.12"]
[SourceVersion "1"]
[SourceVersionDate "2023.11.12"]
[SourceQuality "1"]

1. d4 d5 2. c4 e6 3. Nc3 Nf6 4. cxd5 exd5 5. Bg5 Be6 6. e3 c6 7. Bd3 Nbd7 8. Nf3 h6 9. Bh4 g5 10. Bg3 Nh5 11. Qc2 Nxg3 12. hxg3 Qf6 13. 0-0-0 0-0-0 14. g4 Kb8 15. Bf5 Rc8 16. Kb1 Nb6 17. e4 Bb4 18. e5 Qe7 19. Bxe6 fxe6 20. Qg6 Bxc3 21. bxc3 Qa3 22. Qc2 c5 23. Qb3 Qa5 24. Rc1 Nc4 25. Ka1 Rc6 26. dxc5 Qxc5 27. Qc2 Na3 28. Qd2 Nb5 29. Nd4 Ra6 30. Nxb5 Qxb5 31. Rb1 Qc6 32. Rb3 Ra4 33. f3 a6 34. Rb4 Ra3 35. Rb3 Rxb3 36. axb3 Qb5 37. Kb2 Qd7 38. Qd4 b6 39. Ra1 Kb7 40. Qd3 Ra8 41. Re1 Qg7 42. Qd4 Rf8 43. Qb4 Rd8 44. Qa4 Qg6 45. Qd4 h5 46. gxh5 Qxh5 47. Qb4 Qf7 48. Re2 Qg7 49. Qg4 Qe7 50. Rd2 Rh8 51. g3 Rh1 52. c4 Re1 53. cxd5 Rxe5 54. d6 Qd7 55. f4 Rc5 56. fxg5 Qg7+ 57. Qd4 Qxg5 58. d7 Qd8 59. g4 Rd5 60. Qe4 Qxd7 61. Rxd5 exd5 62. Qd4 Qe6 63. Kc3 a5 64. Kd3 Qg6+ 65. Kc3 Kc6 66. Qa4+ b5 67. Qxa5 Qf6+ 68. Kc2 Qg6+ 69. Kd2 Qg5+ 70. Kc2 Qxg4 71. Qa8+ Kc5 72. Qf8+ Kb6 73. Qd6+ Ka5 74. Qa3+ Kb6 75. Qd6+ Ka5 1/2-1/2

[Event "Caioba op 7th"]
[Site "Caioba"]
[Date "2023.06.18"]
[Round "1"]
[White "Nakata, Thifanni Harumi"]
[Black "Quintiliano Pinto, Renato Rodrigues"]
[Result "0-1"]
[WhiteElo "1783"]
[BlackElo "2509"]
[PlyCount "88"]
[EventDate "2023.06.18"]
[EventType "swiss"]
[EventRounds "9"]
[EventCountry "BRA"]
[SourceTitle "CBM 214 Extra"]
[Source "ChessBase"]
[SourceDate "2023.07.31"]
[SourceVersion "1"]
[SourceVersionDate "2023.07.31"]
[SourceQuality "1"]

1. d4 Nf6 2. c4 e6 3. Nc3 Bb4 4. e3 0-0 5. Nge2 Re8 6. a3 Bf8 7. Nf4 d6 8. Be2 e5 9. dxe5 dxe5 10. Qxd8 Rxd8 11. Nfd5 Ne8 12. 0-0 c6 13. Nb4 Be6 14. e4 Nd7 15. Be3 Bc5 16. Nc2 Nd6 17. b4 Bd4 18. Bxd4 exd4 19. Nxd4 Bxc4 20. Rfd1 Bxe2 21. Ndxe2 Nc4 22. f4 Ndb6 23. Rd4 Rxd4 24. Nxd4 Rd8 25. Nce2 f6 26. Kf2 Na4 27. Kf3 Nc3 28. Nxc3 Rxd4 29. Rd1 Rxd1 30. Nxd1 Nxa3 31. Ne3 Kf7 32. Ke2 Ke6 33. Kd3 Nb5 34. g4 Nd6 35. Nc2 Nb5 36. Ne3 b6 37. Nc4 Nd6 38. Ne3 g5 39. Nf5 gxf4 40. Nd4+ Kd7 41. Nf3 Nf7 42. Kd4 Ne5 43. Ne1 c5+ 44. bxc5 bxc5+ 0-1

[Event "Florianopolis op 8th"]
[Site "Florianopolis"]
[Date "2022.01.25"]
[Round "2"]
[White "Guara Neto, Argemiro Braga"]
[Black "Nakata, Thifanni Harumi"]
[Result "0-1"]
[WhiteElo "2060"]
[BlackElo "1766"]
[PlyCount "61"]
[EventDate "2022.01.24"]
[EventType "swiss"]
[EventRounds "10"]
[EventCountry "BRA"]
[SourceTitle "CBM 206 Extra"]
[Source "ChessBase"]
[SourceDate "2022.03.31"]
[SourceVersion "1"]
[SourceVersionDate "2022.03.31"]
[SourceQuality "1"]

1. e4 c5 2. Nf3 d6 3. d4 cxd4 4. Nxd4 Nf6 5. Nc3 a6 6. f3 e5 7. Nb3 Be7 8. Be3 h5 9. Qd2 Nbd7 10. 0-0-0 b5 11. Kb1 Nb6 12. a3 Be6 13. h4 Rb8 14. Bg5 Nc4 15. Qd3 Nd7 16. Bc1 Bxh4 17. Nd5 Bxd5 18. exd5 Bg3 19. Nd2 Nxd2+ 20. Bxd2 h4 21. Qf5 Qf6 22. Qg4 Bf4 23. Bxf4 exf4 24. Re1+ Kd8 25. g3 Ne5 26. Qxf4 Qxf4 27. gxf4 Nxf3 28. Rd1 g5 29. Bg2 g4 30. Bxf3 gxf3 31. Rdf1 0-1

[Event "Taubate op 2nd"]
[Site "Taubate"]
[Date "2021.12.16"]
[Round "1"]
[White "Gangana, Marcos Vinicius"]
[Black "Nakata, Thifanni Harumi"]
[Result "0-1"]
[WhiteElo "1800"]
[BlackElo "1783"]
[PlyCount "66"]
[EventDate "2021.12.16"]
[EventType "swiss"]
[EventRounds "6"]
[EventCountry "BRA"]
[SourceTitle "CBM 206 Extra"]
[Source "ChessBase"]
[SourceDate "2022.03.31"]
[SourceVersion "1"]
[SourceVersionDate "2022.03.31"]
[SourceQuality "1"]

1. e4 c5 2. Nf3 d6 3. d4 cxd4 4. Nxd4 Nf6 5. Nc3 a6 6. Bg5 e6 7. Qd2 Be7 8. 0-0-0 0-0 9. Bxf6 Bxf6 10. Nb3 Be7 11. Be2 b5 12. Bg4 Bb7 13. f3 Nd7 14. Ne2 Ne5 15. h3 Rc8 16. Ned4 Nxg4 17. hxg4 e5 18. Nf5 Bg5 19. Ne3 Qc7 20. c3 b4 21. Kc2 bxc3 22. bxc3 Rfd8 23. Rh5 h6 24. Qe1 a5 25. Nd5 Bxd5 26. Rxd5 a4 27. Nc1 Rb8 28. Nd3 Qc4 29. Qa1 a3 30. Rh1 Rb6 31. Re1 Rc8 32. f4 Rb2+ 33. Nxb2 Qxc3+ 0-1

[Event "BRA-ch (Women) 60th"]
[Site "Cuiaba"]
[Date "2021.11.01"]
[Round "7"]
[White "Kikuchi Cadilhac, Mariana Sawae"]
[Black "Nakata, Thifanni Harumi"]
[Result "1/2-1/2"]
[WhiteElo "1762"]
[BlackElo "1778"]
[PlyCount "55"]
[EventDate "2021.10.28"]
[EventType "swiss"]
[EventRounds "11"]
[EventCountry "BRA"]
[SourceTitle "CBM 205 Extra"]
[Source "ChessBase"]
[SourceDate "2022.01.31"]
[SourceVersion "1"]
[SourceVersionDate "2022.01.31"]
[SourceQuality "1"]

1. e4 c5 2. Nf3 d6 3. d4 cxd4 4. Nxd4 Nf6 5. Nc3 a6 6. Be2 e5 7. Nb3 Be7 8. 0-0 0-0 9. Re1 Be6 10. Bf3 b5 11. Be3 Nbd7 12. Nd2 Qc7 13. Nf1 Rac8 14. Ng3 g6 15. Nd5 Bxd5 16. exd5 Qxc2 17. b4 h5 18. a3 Kg7 19. Bg5 Rfe8 20. h4 Nb6 21. Be4 Qxd1 22. Rexd1 Nfd7 23. Rdc1 f5 24. Bxe7 Rxe7 25. Bxf5 Rxc1+ 26. Rxc1 Nc4 27. Rc3 Nf6 28. Be4 1/2-1/2

[Event "BRA-ch (Women) 60th"]
[Site "Cuiaba"]
[Date "2021.10.29"]
[Round "2"]
[White "Librelato, Kathie Goulart"]
[Black "Nakata, Thifanni Harumi"]
[Result "1-0"]
[WhiteElo "2165"]
[BlackElo "1778"]
[PlyCount "47"]
[EventDate "2021.10.28"]
[EventType "swiss"]
[EventRounds "11"]
[EventCountry "BRA"]
[SourceTitle "CBM 205 Extra"]
[Source "ChessBase"]
[SourceDate "2022.01.31"]
[SourceVersion "1"]
[SourceVersionDate "2022.01.31"]
[SourceQuality "1"]

1. e4 c5 2. Nf3 d6 3. d4 cxd4 4. Nxd4 Nf6 5. Nc3 a6 6. Bg5 e6 7. f4 h6 8. Bh4 Qb6 9. Qd2 Nbd7 10. 0-0-0 Qc7 11. Bd3 Be7 12. Rhe1 b5 13. Qe2 b4 14. Nd5 Nxd5 15. exd5 Bxh4 16. g3 Bf6 17. dxe6 Ne5 18. fxe5 Bxe5 19. exf7+ Qxf7 20. Nc6 0-0 21. Qe4 Bf5 22. Qxf5 Qxf5 23. Bxf5 Rxf5 24. Ne7+ 1-0

[Event "Pocos de Caldas op"]
[Site "Pocos de Caldas"]
[Date "2019.02.09"]
[Round "3"]
[White "Penha, Evelyn Maximiano"]
[Black "Nakata, Thifanni Harumi"]
[Result "1/2-1/2"]
[WhiteElo "1636"]
[BlackElo "1768"]
[PlyCount "57"]
[EventDate "2019.02.08"]
[EventType "swiss"]
[EventRounds "6"]
[EventCountry "BRA"]
[SourceTitle "CBM 189 Extra"]
[Source "ChessBase"]
[SourceDate "2019.06.03"]
[SourceVersion "1"]
[SourceVersionDate "2019.06.03"]
[SourceQuality "1"]

1. e4 c5 2. Ne2 d6 3. g3 Nf6 4. Bg2 e5 5. 0-0 Be7 6. c3 0-0 7. d4 cxd4 8. cxd4 a6 9. d5 Bg4 10. Be3 Qc8 11. f3 Bh5 12. Na3 b5 13. Rc1 Qb7 14. Qd2 Nbd7 15. Rc2 Rfc8 16. Rfc1 Rxc2 17. Rxc2 Rc8 18. g4 Bg6 19. Ng3 Ne8 20. Qc1 Rxc2 21. Qxc2 h6 22. Nf5 Bxf5 23. gxf5 Bg5 24. Bxg5 hxg5 25. Qd2 f6 26. Nc2 Qb6+ 27. Kf1 Nc7 28. Nb4 Kf8 29. Nc6 1/2-1/2

[Event "Pocos de Caldas op"]
[Site "Pocos de Caldas"]
[Date "2019.02.08"]
[Round "1"]
[White "De Castro, Alexandre"]
[Black "Nakata, Thifanni Harumi"]
[Result "1-0"]
[WhiteElo "2278"]
[BlackElo "1768"]
[PlyCount "73"]
[EventDate "2019.02.08"]
[EventType "swiss"]
[EventRounds "6"]
[EventCountry "BRA"]
[SourceTitle "CBM 188 Extra"]
[Source "ChessBase"]
[SourceDate "2019.02.26"]
[SourceVersion "1"]
[SourceVersionDate "2019.02.26"]
[SourceQuality "1"]

1. Nf3 Nf6 2. g3 b6 3. Bg2 Bb7 4. 0-0 g6 5. b3 Bg7 6. Bb2 0-0 7. d3 d6 8. Nbd2 Nbd7 9. Rb1 e5 10. e4 Nc5 11. Re1 Re8 12. Nc4 Bc6 13. d4 exd4 14. e5 dxe5 15. Ncxe5 Be4 16. Bxd4 Qd5 17. c4 Qb7 18. Rb2 Rad8 19. Rd2 Qa8 20. Bf1 Ne6 21. Ba1 c5 22. Rxd8 Rxd8 23. Qe2 Nd4 24. Nxd4 cxd4 25. f3 Bf5 26. g4 Be6 27. Bg2 Qb8 28. Nc6 Qc7 29. Nxd8 Qxd8 30. Rd1 Qc7 31. Bxd4 Nd7 32. Bxg7 Kxg7 33. Qd2 Qc5+ 34. Qd4+ Qxd4+ 35. Rxd4 Kf6 36. Kf2 Ke5 37. Ke3 1-0

[Event "BRA-ch U18 Girls"]
[Site "Itajai"]
[Date "2016.06.10"]
[Round "2"]
[White "Nakata, Thifanni Harumi"]
[Black "Librelato, Kathie Goulart"]
[Result "1-0"]
[WhiteElo "1778"]
[BlackElo "2063"]
[PlyCount "61"]
[EventDate "2016.06.09"]
[EventType "swiss"]
[EventRounds "6"]
[EventCountry "BRA"]
[SourceTitle "CBM 172 Extra"]
[Source "ChessBase"]
[SourceDate "2016.06.21"]
[SourceVersion "1"]
[SourceVersionDate "2016.06.21"]
[SourceQuality "1"]

1. d4 Nf6 2. c4 g6 3. Nc3 Bg7 4. Nf3 0-0 5. Bg5 h6 6. Bh4 c5 7. d5 d6 8. e4 g5 9. Bg3 Nh5 10. Bd3 e6 11. dxe6 fxe6 12. e5 Nxg3 13. hxg3 Nc6 14. Bc2 g4 15. Qd3 Rf5 16. Nh4 Nxe5 17. Qe4 Rf6 18. 0-0-0 Qb6 19. Qh7+ Kf8 20. b3 Qa5 21. Ne4 Qxa2 22. Nxf6 Bxf6 23. Rxd6 Qa1+ 24. Bb1 Qc3+ 25. Bc2 Qa1+ 26. Bb1 Qc3+ 27. Bc2 Qa1+ 28. Bb1 Qa3+ 29. Kc2 Nf7 30. Ng6+ Ke8 31. Qg8# 1-0

[Event "BRA-ch U18 Girls"]
[Site "Itajai"]
[Date "2016.06.09"]
[Round "1"]
[White "Policarpo, Nicoli"]
[Black "Nakata, Thifanni Harumi"]
[Result "0-1"]
[WhiteElo "1512"]
[BlackElo "1778"]
[PlyCount "86"]
[EventDate "2016.06.09"]
[EventType "swiss"]
[EventRounds "6"]
[EventCountry "BRA"]
[SourceTitle "CBM 172 Extra"]
[Source "ChessBase"]
[SourceDate "2016.06.21"]
[SourceVersion "1"]
[SourceVersionDate "2016.06.21"]
[SourceQuality "1"]

1. d4 Nf6 2. Nf3 c5 3. c3 b6 4. Bf4 Bb7 5. e3 d6 6. h3 g6 7. Nbd2 Bg7 8. Rb1 0-0 9. Be2 Nbd7 10. 0-0 Qc7 11. Qb3 Rae8 12. Bc4 Qc8 13. Ng5 d5 14. Bb5 a6 15. Be2 Qc6 16. Ngf3 b5 17. a3 c4 18. Qc2 Ne4 19. Qc1 f5 20. Ne5 Bxe5 21. Bxe5 Nxe5 22. dxe5 Qe6 23. f3 Ng3 24. Rf2 Qxe5 25. Nf1 Nxf1 26. Bxf1 Rf6 27. Re2 Qd6 28. Qe1 e5 29. Rd1 Qc5 30. Qf2 Kf7 31. Qh4 Kg7 32. Qf2 Rd6 33. Kh1 a5 34. Qg3 Rde6 35. h4 h5 36. e4 dxe4 37. Rd7+ R6e7 38. Red2 Bc6 39. Rxe7+ Rxe7 40. fxe4 Bxe4 41. Be2 Kf7 42. Bf3 Bxf3 43. Qxf3 e4 0-1

[Event "Barretos JAI (Women)"]
[Site "Barretos"]
[Date "2015.12.??"]
[Round "1"]
[White "Nakata, Thifanni Harumi"]
[Black "Araujo, Anna Luisa Londero"]
[Result "1-0"]
[WhiteElo "1778"]
[BlackElo "1440"]
[PlyCount "39"]
[EventDate "2015.12.01"]
[EventType "team-tourn"]
[EventRounds "5"]
[EventCountry "BRA"]
[SourceTitle "EXT 2022"]
[Source "ChessBase"]
[SourceDate "2021.10.06"]
[SourceVersion "1"]
[SourceVersionDate "2021.10.06"]
[SourceQuality "1"]
[WhiteTeam "Mogi das Cruzes (W)"]
[BlackTeam "Santos W"]
[WhiteTeamCountry "BRA"]
[BlackTeamCountry "BRA"]

1. e4 c6 2. d4 d5 3. Nd2 dxe4 4. Nxe4 Bf5 5. Ng3 Bg6 6. f4 e6 7. Nf3 Nd7 8. Bc4 Ngf6 9. Qe2 Be7 10. 0-0 Qc7 11. c3 0-0-0 12. f5 Bh5 13. Nxh5 Nxh5 14. Ng5 Bxg5 15. Bxg5 Nhf6 16. fxe6 fxe6 17. Qxe6 h6 18. Bf4 Qa5 19. b4 Qh5 20. Qxc6+ 1-0

[Event "Barretos JAI (Women)"]
[Site "Barretos"]
[Date "2015.12.??"]
[Round "2"]
[White "Queiroz, Stella Becker"]
[Black "Nakata, Thifanni Harumi"]
[Result "1-0"]
[WhiteElo "1723"]
[BlackElo "1778"]
[PlyCount "82"]
[EventDate "2015.12.01"]
[EventType "team-tourn"]
[EventRounds "5"]
[EventCountry "BRA"]
[SourceTitle "EXT 2022"]
[Source "ChessBase"]
[SourceDate "2021.10.06"]
[SourceVersion "1"]
[SourceVersionDate "2021.10.06"]
[SourceQuality "1"]
[WhiteTeam "Sao Jose dos Campos (W)"]
[BlackTeam "Mogi das Cruzes (W)"]
[WhiteTeamCountry "BRA"]
[BlackTeamCountry "BRA"]

1. e4 c5 2. Nf3 d6 3. d4 cxd4 4. Nxd4 Nf6 5. Nc3 a6 6. Be3 e5 7. Nb3 Be7 8. f3 Be6 9. Qd2 h5 10. 0-0-0 Qc7 11. f4 Nbd7 12. f5 Bc4 13. Bxc4 Qxc4 14. Qd3 Qc7 15. h3 h4 16. Bg5 Rc8 17. Rd2 Rh5 18. Bxf6 Nxf6 19. Kb1 b5 20. Nd5 Nxd5 21. Qxd5 Bg5 22. Re2 Qc4 23. Qxc4 Rxc4 24. Rd1 Kd7 25. Nc1 Rh6 26. Nd3 Bf6 27. Nf2 Rh8 28. Red2 Be7 29. Rd5 Kc7 30. b3 Rc3 31. Nd3 Kb7 32. Rd2 Rhc8 33. Kb2 Kb6 34. Nb4 Rg3 35. R5d3 Rxd3 36. Rxd3 Bf8 37. Nd5+ Kb7 38. Rc3 Rc5 39. b4 Rc6 40. Kb3 Rxc3+ 41. Kxc3 Kc6 1-0

[Event "BRA-ch U18 Girls"]
[Site "Lages"]
[Date "2015.05.??"]
[Round "2"]
[White "Dall Orsoletta, Alaize"]
[Black "Nakata, Thifanni Harumi"]
[Result "1-0"]
[WhiteElo "1913"]
[BlackElo "1729"]
[PlyCount "83"]
[EventDate "2015.05.??"]
[EventType "swiss"]
[EventRounds "9"]
[EventCountry "BRA"]
[SourceTitle "EXT 2016"]
[Source "ChessBase"]
[SourceDate "2015.10.08"]
[SourceVersion "1"]
[SourceVersionDate "2015.10.08"]
[SourceQuality "1"]

1. e4 c5 2. Nf3 d6 3. d4 cxd4 4. Nxd4 Nf6 5. Nc3 a6 6. Bc4 e6 7. Bb3 Be7 8. 0-0 0-0 9. Qf3 Qc7 10. Qg3 Re8 11. f4 Nc6 12. Nxc6 Qxc6 13. e5 Ne4 14. Nxe4 Qxe4 15. Be3 Bd7 16. Rad1 Qc6 17. Kh1 dxe5 18. fxe5 Qc7 19. Bh6 Bf8 20. Rd4 g6 21. Rh4 Bc6 22. Qf4 Qe7 23. Bg5 f6 24. Bxf6 Qf7 25. Rh3 Qd7 26. c3 b5 27. Rd3 Qb7 28. Qg4 Qc8 29. Rfd1 Kf7 30. Qh4 h5 31. Rf1 Qb7 32. Qg5 Be4 33. Re3 Kg8 34. Rfe1 Bf5 35. Bd1 Qh7 36. Bf3 Rac8 37. Qg3 Rc7 38. Be4 Bxe4 39. Rxe4 Rd7 40. R4e2 Bg7 41. Qf3 Rc8 42. Qe3 1-0

[Event "South America-ch U16 Girls 11th"]
[Site "Montevideo"]
[Date "2014.09.11"]
[Round "5"]
[White "Nakata, Thifanni Harumi"]
[Black "Romero Dongo, Antonella"]
[Result "1/2-1/2"]
[WhiteElo "1644"]
[BlackElo "1619"]
[PlyCount "102"]
[EventDate "2014.09.08"]
[EventType "swiss"]
[EventRounds "9"]
[EventCountry "URU"]
[SourceTitle "EXT 2016"]
[Source "ChessBase"]
[SourceDate "2015.10.08"]
[SourceVersion "1"]
[SourceVersionDate "2015.10.08"]
[SourceQuality "1"]

1. e4 e6 2. d4 d5 3. Nd2 c5 4. Ngf3 cxd4 5. Nxd4 Bc5 6. N4b3 Bb6 7. exd5 Qxd5 8. Qf3 Nf6 9. Bc4 Qd6 10. Bb5+ Bd7 11. Bxd7+ Qxd7 12. 0-0 Nc6 13. Nc4 Nd4 14. Nxd4 Bxd4 15. Rd1 0-0-0 16. Be3 Qc7 17. Bxd4 Qxc4 18. Bxf6 gxf6 19. Qxf6 Qe2 20. Qc3+ Kb8 21. Re1 Qd2 22. Qe5+ Ka8 23. c4 Rhg8 24. b3 Rd7 25. g3 Rgd8 26. Qe4 h6 27. Qe3 Kb8 28. Qxd2 Rxd2 29. Kf1 Rc2 30. Re2 Rdd2 31. Rxd2 Rxd2 32. Kg2 Kc7 33. Kf3 Kd6 34. Ke3 Rc2 35. Rd1+ Ke7 36. Rd2 Rc1 37. g4 Re1+ 38. Kf4 f6 39. c5 Rc1 40. h4 Rxc5 41. Kg3 Rc3+ 42. f3 a5 43. Kf4 b5 44. Ke4 a4 45. Rd3 Rc2 46. bxa4 bxa4 47. Ra3 Rc4+ 48. Kd3 Rf4 49. Ke3 Rc4 50. Rd3 Rc2 51. Ra3 Rc4 1/2-1/2

[Event "South America-ch U16 Girls 11th"]
[Site "Montevideo"]
[Date "2014.09.11"]
[Round "6"]
[White "Strgacich, Aylen"]
[Black "Nakata, Thifanni Harumi"]
[Result "1-0"]
[WhiteElo "1788"]
[BlackElo "1644"]
[PlyCount "117"]
[EventDate "2014.09.08"]
[EventType "swiss"]
[EventRounds "9"]
[EventCountry "URU"]
[SourceTitle "EXT 2016"]
[Source "ChessBase"]
[SourceDate "2015.10.08"]
[SourceVersion "1"]
[SourceVersionDate "2015.10.08"]
[SourceQuality "1"]

1. d4 Nf6 2. c4 c5 3. d5 b5 4. cxb5 a6 5. bxa6 g6 6. g3 d6 7. Bg2 Bg7 8. Nf3 0-0 9. Nc3 Bxa6 10. 0-0 Nbd7 11. Rb1 Qa5 12. Qc2 Rfb8 13. Rd1 Bc8 14. Nd2 Nb6 15. b3 Nfd7 16. Bb2 Ba6 17. a3 Ne5 18. b4 cxb4 19. Nb3 bxc3 20. Nxa5 cxb2 21. Rxb2 Bxe2 22. Qxe2 Rxa5 23. Rdb1 Nec4 24. Rb4 Rba8 25. Rxc4 Nxc4 26. Qxc4 Rxa3 27. Qc7 Bf6 28. Rb8+ Rxb8 29. Qxb8+ Kg7 30. h4 h5 31. Qb4 Ra2 32. Bf3 Rb2 33. Qa4 Rd2 34. Qf4 Rd4 35. Qe3 Rc4 36. Kg2 Rb4 37. Qe2 Rd4 38. Kh3 Rb4 39. Bg2 Rb2 40. Qe3 Rc2 41. f4 Rc5 42. Qe4 Rc3 43. Bf3 Rb3 44. Bd1 Rc3 45. Bc2 Kh6 46. Bd3 Ra3 47. f5 Rc3 48. fxg6 Rxd3 49. Qxd3 fxg6 50. Qe4 Be5 51. g4 hxg4+ 52. Kxg4 Kg7 53. Qa4 Bf6 54. Qe8 Kh6 55. Qf7 Be5 56. Qxe7 Bh8 57. Qf8+ Kh7 58. Kg5 Be5 59. Qh6+ 1-0

[Event "Mogi das Cruzes Catropa Memorial"]
[Site "Mogi das Cruzes"]
[Date "2014.09.06"]
[Round "4"]
[White "Nakata, Thifanni Harumi"]
[Black "De Moraes, Luiz Gustavo"]
[Result "1-0"]
[WhiteElo "1644"]
[BlackElo "1338"]
[PlyCount "91"]
[EventDate "2014.09.05"]
[EventType "swiss"]
[EventRounds "6"]
[EventCountry "BRA"]
[SourceTitle "CBM 162 Extra"]
[Source "ChessBase"]
[SourceDate "2014.10.17"]
[SourceVersion "1"]
[SourceVersionDate "2014.10.17"]
[SourceQuality "1"]

1. e4 e5 2. Bc4 Nf6 3. d3 Be7 4. f4 exf4 5. Bxf4 d6 6. Nc3 c6 7. Qd2 Nbd7 8. 0-0-0 Ne5 9. Bb3 a5 10. Kb1 Bd7 11. d4 Ng6 12. e5 Nxf4 13. Qxf4 0-0 14. exf6 Bxf6 15. Nf3 Be6 16. Bxe6 fxe6 17. Qg4 Qe7 18. Rhe1 Rae8 19. Ne4 b6 20. Nxf6+ Qxf6 21. Ng5 e5 22. dxe5 dxe5 23. Ne4 Qh6 24. h3 Re6 25. Qg5 Qxg5 26. Nxg5 Rg6 27. Rxe5 h6 28. Ne4 c5 29. g3 Rc6 30. Kc1 c4 31. Rd6 Rfc8 32. Rxc6 Rxc6 33. Kd2 Kf7 34. Ke3 a4 35. a3 g5 36. Rb5 Ke6 37. Kd4 Kd7 38. Rb4 Re6 39. Rxc4 b5 40. Nc5+ Kd6 41. Nxe6 bxc4 42. Nd8 Ke7 43. Nc6+ Kf6 44. Kxc4 Kf5 45. Kd5 g4 46. h4 1-0

[Event "Sao Bernardo do Campo LXSBC op"]
[Site "Sao Bernardo do Campo"]
[Date "2014.07.27"]
[Round "5"]
[White "Schwertner, Joao Victor Moreir"]
[Black "Nakata, Thifanni Harumi"]
[Result "1/2-1/2"]
[WhiteElo "1775"]
[BlackElo "1609"]
[PlyCount "163"]
[EventDate "2014.07.25"]
[EventType "swiss"]
[EventRounds "6"]
[EventCountry "BRA"]
[SourceTitle "EXT 2016"]
[Source "ChessBase"]
[SourceDate "2015.10.08"]
[SourceVersion "1"]
[SourceVersionDate "2015.10.08"]
[SourceQuality "1"]

1. Nf3 Nf6 2. c4 c5 3. b3 e6 4. Bb2 d5 5. cxd5 exd5 6. d4 cxd4 7. a3 Be7 8. Nxd4 0-0 9. e3 Nbd7 10. Be2 Ne4 11. 0-0 Ndf6 12. f3 Nd6 13. Nc3 Re8 14. Ndb5 Nf5 15. Bc1 Bc5 16. Kh1 Bxe3 17. Bd3 d4 18. Ne4 Nd5 19. a4 a6 20. Na3 Qh4 21. Qe1 Qh6 22. Nc4 Bf4 23. Bxf4 Qxf4 24. Qf2 Nfe3 25. Nxe3 Nxe3 26. Rfe1 Be6 27. b4 Rac8 28. Nc5 Bd5 29. Ne4 Bc4 30. Nc5 Rxc5 31. Bxh7+ Kxh7 32. bxc5 Re5 33. g3 Qf6 34. f4 Rxc5 35. Rab1 Bd5+ 36. Kg1 Rc2 37. Re2 Ng4 38. Qf1 d3 39. Qh3+ Nh6 40. Re5 Bc6 41. Rd1 Qd6 42. g4 Qd4+ 43. Qe3 Qxe3+ 44. Rxe3 Nxg4 45. Rh3+ Kg8 46. Rhxd3 Rg2+ 47. Kf1 Nxh2+ 48. Ke1 Rg1+ 49. Kf2 Rxd1 50. Rxd1 Ng4+ 51. Kg3 Nf6 52. a5 Kf8 53. Re1 Nd7 54. Kg4 b6 55. Rc1 Bb5 56. axb6 Nxb6 57. Rb1 Ke7 58. Kg5 Kd6 59. f5 Nd5 60. Rb2 Ke5 61. Rf2 a5 62. Rb2 Bd7 63. Rb7 Kd6 64. Ra7 a4 65. Ra6+ Kc5 66. Ra7 Kc6 67. Rxa4 Kd6 68. Ra7 Ne3 69. f6 g6 70. Kh6 Nf5+ 71. Kg5 Ke6 72. Ra6+ Nd6 73. Rb6 Ke5 74. Kh6 Ne4 75. Kg7 Be6 76. Rb5+ Kf4 77. Rb6 Bd5 78. Rb5 Ke5 79. Rxd5+ Kxd5 80. Kxf7 g5 81. Kg6 Nxf6 82. Kxg5 1/2-1/2